000
00196 a2200097 4500
001
2180
100
_a
Caidin,M
245
_a
Man-in-space dictionary
260
_a
_b
dullon
_c
090
_c
1601
_d
1601
942
_a
NUST-CAE
_c
M
_c
6681
999
_c
237253
_d
237253